[Event "European-ch Seniors 2018"]
[Site "Drammen"]
[Date "2018.08.08"]
[Round "5"]
[White "Andersson, Kjell Ake"]
[Black "Clark, Gary M"]
[Result "0-1"]
[WhiteElo "1940"]
[BlackElo "2285"]
[Annotator "NA"]
[PlyCount "94"]
[EventDate "2018.08.04"]
[EventType "swiss"]
[EventCountry "NOR"]
[SourceTitle "playchess.com"]
[Source "ChessBase"]
[SourceQuality "1"]
[TimeControl "40/5400+30:1800+30"]

1. c4 {[%emt 0:00:00]} Nf6 {[%emt 0:00:00]} 2. Nc3 {[%emt 0:00:23]} g6 {[%emt 0:00:00]} 3. g3 {[%emt 0:00:45]} Bg7 {[%emt 0:00:00]} 4. Bg2 {[%emt 0:00:40]} O-O {[%emt 0:00:03]} 5. Nf3 {[%emt 0:01:24]} c5 {[%emt 0:01:41]} 6. O-O {[%emt 0:03:23]} d5 {[%emt 0:00:36]} 7. cxd5 {[%emt 0:05:17]} Nxd5 {[%emt 0:00:07]} 8. Nxd5 {[%emt 0:05:31]} Qxd5 {[%emt 0:00:15]} 9. d3 {[%emt 0:00:16]} Nc6 {[%emt 0:00:13]} 10. Nd2 {[%emt 0:02:06]} Qd7 {[%emt 0:01:43]} 11. Rb1 {[%emt 0:03:33]} b6 {[%emt 0:07:09]} 12. Nc4 {[%emt 0:02:36]} Bb7 {[%emt 0:00:42]} 13. Be3 {[%emt 0:00:55]} Rac8 {[%emt 0:02:41]} 14. Qd2 {[%emt 0:02:48]} Rfd8 {[%emt 0:01:35]} 15. Rfc1 {[%emt 0:08:37]} e5 {[%emt 0:10:24]} 16. Bh6 {[%emt 0:06:22]} f6 {[%emt 0:17:50]} 17. Bxg7 {[%emt 0:05:10]} Kxg7 {[%emt 0:00:35]} 18. Ne3 {[%emt 0:00:56]} f5 {[%emt 0:03:48]} 19. Nc4 {[%emt 0:05:04]} Qe7 {[%emt 0:08:11]} 20. Re1 {[%emt 0:05:10]} Rd4 {[%emt 0:04:29]} 21. Qc3 {[%emt 0:02:16]} Rcd8 {[%emt 0:02:34]} 22. Rbd1 {[%emt 0:01:05]} b5 {[%emt 0:11:02]} 23. Na5 {[%emt 0:09:44]} Nxa5 {[%emt 0:02:50]} 24. Qxa5 {[%emt 0:01:19]} Bxg2 {[%emt 0:00:07]} 25. Kxg2 {[%emt 0:00:16]} Qb7+ {[%emt 0:00:19]} 26. Kg1 {[%emt 0:00:31]} Qb6 {[%emt 0:01:48]} 27. Qc3 {[%emt 0:03:08]} c4 {[%emt 0:01:54]} 28. Rc1 {[%emt 0:07:29]} b4 {[%emt 0:01:41]} 29. Qc2 {[%emt 0:03:54]} cxd3 {[%emt 0:04:31]} 30. exd3 {[%emt 0:00:41]} Rxd3 {[%emt 0:02:37]} 31. Rxe5 {[%emt 0:00:34]} Rd2 {[%emt 0:06:46]} 32. Qc7+ {[%emt 0:01:04]} Qxc7 {[%emt 0:00:10]} 33. Rxc7+ {[%emt 0:00:11]} Kf6 {[%emt 0:00:06]} 34. Ra5 {[%emt 0:02:32]} Rxb2 {[%emt 0:00:24]} 35. h4 {[%emt 0:01:33]} Rd1+ {[%emt 0:02:43]} 36. Kg2 {[%emt 0:00:29]} Rdd2 {[%emt 0:00:05]} 37. Rc6+ {[%emt 0:00:49]} Kg7 {[%emt 0:00:25]} 38. Rxa7+ {[%emt 0:00:29]} Kh6 {[%emt 0:00:07]} 39. Rcc7 {[%emt 0:01:08]} Rxf2+ {[%emt 0:00:05]} 40. Kg1 {[%emt 0:00:00]} Rg2+ {[%emt 0:00:00]} 41. Kf1 {[%emt 0:04:23]} Kh5 {[%emt 0:02:11]} 42. Rc4 {[%emt 0:01:55]} h6 {[%emt 0:00:50]} 43. Rxb4 {[%emt 0:00:58]} Rbf2+ {[%emt 0:02:51]} 44. Ke1 {[%emt 0:01:14]} Rc2 {[%emt 0:00:14]} 45. Kd1 {[%emt 0:02:01]} Rxa2 {[%emt 0:00:37]} 46. Rxa2 {[%emt 0:00:33]} Rxa2 {[%emt 0:00:02]} 47. Ke1 {[%emt 0:00:27]} Rg2 {[%emt 0:00:55]} 0-1